| 000 | 00980nam a22003017a 4500 | ||
|---|---|---|---|
| 001 | BR7320019 | ||
| 003 | BR-BrBNA | ||
| 005 | 20230928084334.0 | ||
| 007 | ta | ||
| 008 | 230509b bl.||||| |||| 00| 0 por d | ||
| 040 |
_aBR-BrBNA _bpor _cBiblioteca Nacional de Agricultura |
||
| 041 | _a(Por) | ||
| 072 |
_aH20 _b1540 _b4110 |
||
| 090 | _ 1540 BR7320019 | ||
| 100 | 1 | _aDrummond, O.A. | |
| 100 | 1 | _aHipolito, O. | |
| 110 | 1 |
_aEscola Superior de Agricultura e Veterinaria do Estado de Minas Gerais, Belo Horizonte (Brasil) _94371 |
|
| 111 | 1 |
_a2. Congresso de Ex-Alunos da Escola Superior de Agricultura e Veterinaria _cBelo Horizonte, MG (Brazil) _d17 Dec 1940 |
|
| 245 | 1 | _aNotas sobre a bacteriose da mandioca | |
| 260 | 3 |
_aBelo Horizonte, MG (Brasil): _c1941. |
|
| 300 | _a41 p. | ||
| 500 | _a20 illus.; 23 ref.; Summary (Eng) | ||
| 650 | _aDoenca de planta | ||
| 650 | _aBacteriose | ||
| 650 | _aMandioca | ||
| 909 |
_a202309 _bLucia _c55 _dLucia Elande |
||
| 942 | _cBK | ||
| 999 |
_c18272 _d18272 |
||